| 000 | 01091nam a2200217Ia 4500 | ||
|---|---|---|---|
| 003 | Ost | ||
| 005 | 20260507075643.0 | ||
| 008 | 260507s9999||||xx |||||||||||||| ||und|| | ||
| 040 | _cfsecg | ||
| 041 | _aara | ||
| 082 | _a346.07 | ||
| 100 |
_aسامي، فوزي محمد _eمؤلف |
||
| 245 | 0 |
_aمبادئ القانون التجاري وفق المنهاج الجديد لجامعة البلقاء التطبيقية : _bمبادئ القانون التجاري- الاعمال التجارية- الشركات التجارية / _c فوزي محمد سامي |
|
| 260 |
_aعمان: _bمكتبة دار الثقافة, _c2003 |
||
| 300 |
_a359 صفحة؛ _bإيضاحات ؛ _c24 سم |
||
| 490 | _aالمكتبة القانونية 495 | ||
| 520 | _aمفهوم القانون التجاري، الأعمال التجارية، العقود التجارية، التاجر- المتجر، العقود التجارية، الاوراق التجارية، الشركات | ||
| 653 | _aالأعمال التجارية | ||
| 653 | _aالقانون التجاري | ||
| 942 | _cكتاب | ||
| 999 |
_c45440 _d45440 |
||